Asie carte quiz - une minute sprint - Statistiques

Statistiques générales
  • Ce quiz a été pris 265 fois
  • Le résultat moyen est 15 sur 48
Réponses sur la Carte
Les réponses sont colorées sur une échelle allant du rouge au vert en fonction du pourcentage des utilisateurs qui les ont devinées à leur premier essai. Vous pouvez retrouver ces pourcentages ci-dessous.
 
Statistiques - réponses
Réponse % Correct
Chine
96%
Japon
90%
Corée
du Nord
88%
Corée
du Sud
88%
Mongolie
88%
Indonésie
82%
Taïwan
78%
Philippines
75%
Malaisie
72%
Singapour
62%
Timor-Leste
62%
Viêt Nam
62%
Brunei
56%
Cambodge
54%
Laos
53%
Thaïlande
48%
Myanmar
34%
Inde
30%
Sri Lanka
29%
Maldives
25%
Arabie
Saoudite
17%
Bangladesh
17%
Bhoutan
15%
Népal
13%
Afghanistan
12%
Pakistan
10%
Iran
9%
Oman
9%
Yémen
9%
Émirats
arabes unis
8%
Arménie
7%
Azerbaïdjan
7%
Chypre
7%
Irak
7%
Turquie
7%
Kazakhstan
6%
Kirghizistan
5%
Bahreïn
4%
Géorgie
4%
Koweït
4%
Qatar
4%
Israël
3%
Jordanie
3%
Ouzbékistan
2%
Tadjikistan
2%
Turkménistan
2%
Liban
1%
Syrie
1%
Aucun quiz correspondant
Distribution des résultats
% des personnes avec chaque résultat
Percentile par nombre de réponses
Votre historique - résultats
Vous n’avez pas pris ce quiz